[Event "XXI Festival A"]
[Site "Robecchetto con Induno ITA"]
[Date "2010.12.28"]
[Round "2"]
[White "Cereda, Loris"]
[Black "Okhotnik, Vladimir"]
[Result "1-0"]
[WhiteElo "2091"]
[BlackElo "2428"]
[PlyCount "107"]
[EventDate "2010.12.27"]

1. e4 g6 2. d4 Bg7 3. Nc3 d6 4. Nf3 Nf6 5. Be3 c6 6. Qd2 Qa5 7. Bd3 O-O 8. h3
Nbd7 9. Bh6 e5 10. Bxg7 Kxg7 11. O-O Qb6 12. Na4 Qc7 13. c4 Re8 14. Rfe1 a6 15.
Rac1 b5 16. dxe5 Nxe5 17. Nxe5 dxe5 18. Nc3 Be6 19. Nd5 Bxd5 20. cxd5 c5 21.
Rc2 Rec8 22. b3 Nd7 23. Be2 h5 24. d6 Qd8 25. a4 Rab8 26. axb5 axb5 27. Qd5 Qf6
28. Rc3 Nb6 29. Qd2 c4 30. Rf3 Qe6 31. Qb4 Nd7 32. Rc1 Nc5 33. Rd1 Nxe4 34. d7
Rd8 35. bxc4 bxc4 36. Qxc4 Qxc4 37. Bxc4 Nf6 38. Rd6 Rb1+ 39. Kh2 Rb4 40. Rdxf6
Rxc4 41. Rxf7+ Kh6 42. Re7 Rf4 43. Rd3 Rd4 44. Rxd4 exd4 45. Kg3 Kg5 46. Rf7
h4+ 47. Kf3 Kh5 48. Ke4 g5 49. Kf5 Kh6 50. Rf6+ Kh7 51. Rd6 Kg7 52. Rxd4 Kf7
53. Kxg5 Rg8+ 54. Kxh4 1-0

[Event "XXI Festival A"]
[Site "Robecchetto con Induno ITA"]
[Date "2010.12.28"]
[Round "2"]
[White "Guidi, Maurizio"]
[Black "Raselli, Claudio"]
[Result "1-0"]
[WhiteElo "2068"]
[BlackElo "1954"]
[PlyCount "51"]
[EventDate "2010.12.27"]

1. e4 c5 2. Nf3 e6 3. d3 d5 4. Nbd2 Nc6 5. g3 Bd6 6. Bg2 Nge7 7. O-O O-O 8. Re1
Qc7 9. c3 f6 10. h4 Bd7 11. Qe2 b5 12. h5 b4 13. c4 d4 14. Nf1 Be8 15. Nh4 Bd7
16. Nh2 a5 17. f4 e5 18. f5 Nd8 19. Bd2 Nf7 20. h6 gxh6 21. Ng4 Kg7 22. Kf2 Ng5
23. Rh1 Ng8 24. Nh2 Be8 25. N4f3 Bh5 26. Nxg5 1-0

[Event "XXI Festival A"]
[Site "Robecchetto con Induno ITA"]
[Date "2010.12.28"]
[Round "2"]
[White "Mazzariol, Oscar"]
[Black "Barlocco, Carlo"]
[Result "0-1"]
[WhiteElo "2089"]
[BlackElo "2168"]
[PlyCount "94"]
[EventDate "2010.12.27"]

1. e4 d6 2. d4 Nf6 3. Nc3 a6 4. f4 d5 5. e5 Ng8 6. Nf3 h5 7. Bd3 g6 8. Be3 Nh6
9. Qd2 Bf5 10. O-O-O Qd7 11. h3 Nc6 12. Bxf5 Nxf5 13. g4 Nxe3 14. Qxe3 O-O-O
15. Ng5 e6 16. Nf3 Be7 17. Kb1 Rh7 18. Ne2 hxg4 19. hxg4 Rdh8 20. Ng3 Rxh1 21.
Rxh1 Rxh1+ 22. Nxh1 Qe8 23. Nf2 Qh8 24. Qd2 Bh4 25. Nd3 Be7 26. Qg2 Qh6 27. c3
Qh7 28. g5 Qh5 29. Nf2 Bf8 30. Ng4 Bg7 31. Kc2 Ne7 32. Ne3 b6 33. b4 Nc6 34.
Nd2 Bf8 35. a3 Qh4 36. Qf1 Kb7 37. Qf3 Qe1 38. Nb3 a5 39. b5 Ne7 40. c4 a4 41.
Nc1 c6 42. bxc6+ Nxc6 43. Ne2 Qxe2+ 44. Qxe2 Nxd4+ 45. Kd2 Nxe2 46. Kxe2 dxc4
47. Nxc4 b5 0-1

[Event "XXI Festival A"]
[Site "Robecchetto con Induno ITA"]
[Date "2010.12.28"]
[Round "2"]
[White "Ranfagni, Stefano"]
[Black "Di Chiara, Mauro"]
[Result "0-1"]
[WhiteElo "2003"]
[BlackElo "1945"]
[PlyCount "114"]
[EventDate "2010.12.27"]

1. e4 d6 2. d4 Nf6 3. Nc3 g6 4. f4 Bg7 5. Nf3 O-O 6. Bd3 Na6 7. a3 c5 8. Bxa6
cxd4 9. Nxd4 bxa6 10. O-O Qb6 11. Na4 Qc7 12. h3 Nxe4 13. Qd3 Bb7 14. Re1 Qd7
15. Nc3 Nxc3 16. bxc3 Rac8 17. Bd2 Rc7 18. Rab1 Rfc8 19. Rb3 e5 20. Ne2 Qc6 21.
Qg3 Bh6 22. Rd1 Qe4 23. Qf2 Qxc2 24. Rdb1 Qxd2 25. Rxb7 Rxb7 26. Rxb7 Bxf4 27.
Nxf4 Qxf2+ 28. Kxf2 exf4 29. Rxa7 Rxc3 30. Rxa6 Kg7 31. Rxd6 Rxa3 32. Rd4 g5
33. h4 f6 34. Rd7+ Kg6 35. h5+ Kxh5 36. Rxh7+ Kg4 37. Rh6 Ra2+ 38. Kf1 f5 39.
Rh3 Rd2 40. Rf3 Rd4 41. Rh3 Re4 42. Kf2 Re3 43. Rh8 Ra3 44. Rb8 Ra2+ 45. Kf1 f3
46. gxf3+ Kxf3 47. Kg1 Ra1+ 48. Kh2 g4 49. Rb3+ Kf4 50. Kg2 Ra2+ 51. Kg1 g3 52.
Rb4+ Kf3 53. Rb3+ Kg4 54. Rb4+ Kh3 55. Rb1 f4 56. Kf1 f3 57. Kg1 f2+ 0-1

[Event "XXI Festival A"]
[Site "Robecchetto con Induno ITA"]
[Date "2010.12.28"]
[Round "2"]
[White "Sola, Giuseppe"]
[Black "Burlando, Alessandro"]
[Result "0-1"]
[WhiteElo "2019"]
[BlackElo "2132"]
[PlyCount "72"]
[EventDate "2010.12.27"]

1. d4 Nf6 2. c4 g6 3. Nc3 Bg7 4. e4 d6 5. Nf3 O-O 6. Be2 e5 7. dxe5 dxe5 8.
Qxd8 Rxd8 9. Nd5 Nxd5 10. cxd5 c6 11. Bc4 h6 12. Bd2 b5 13. Ba5 Re8 14. Be2
cxd5 15. Bxb5 Bd7 16. Bxd7 Nxd7 17. exd5 e4 18. Nd2 Re5 19. Bc3 Rxd5 20. Bxg7
Kxg7 21. O-O-O Nc5 22. Kc2 Rc8 23. Kb1 Rcd8 24. Kc2 f5 25. Nc4 Nd3 26. Ne3 Rc5+
27. Kb1 f4 28. Nc2 Rb8 29. b3 Nxf2 30. Rd7+ Kg8 31. Re1 Rbc8 32. Re2 e3 33. Kb2
R8c7 34. Rd6 Kf7 35. Nd4 Nd3+ 36. Ka3 Ra5# 0-1

[Event "XXI Festival A"]
[Site "Robecchetto con Induno ITA"]
[Date "2010.12.28"]
[Round "2"]
[White "Temi, Walter"]
[Black "Andreoli, Mark"]
[Result "1-0"]
[WhiteElo "2100"]
[BlackElo "1995"]
[PlyCount "61"]
[EventDate "2010.12.27"]

1. e4 c5 2. Nf3 d6 3. c3 Nf6 4. h3 g6 5. Bd3 Bg7 6. O-O O-O 7. Bc2 Nc6 8. d4
cxd4 9. cxd4 d5 10. e5 Ne4 11. Re1 Bf5 12. Nbd2 Nxd2 13. Bxd2 Bxc2 14. Qxc2 Qb6
15. Bc3 Rac8 16. Rad1 e6 17. h4 Na5 18. h5 Nc4 19. Kh2 f6 20. hxg6 fxe5 21.
dxe5 Rxf3 22. gxh7+ Kh8 23. gxf3 Qd8 24. Qg6 Qh4+ 25. Kg2 Rf8 26. Rd4 Qe7 27.
Rg4 Rf5 28. Rh1 Rf8 29. Bb4 Nxe5 30. Bxe7 Nxg6 31. Rxg6 1-0

[Event "XXI Festival A"]
[Site "Robecchetto con Induno ITA"]
[Date "2010.12.28"]
[Round "2"]
[White "Ubezio, Marco"]
[Black "Formento, Paolo"]
[Result "1-0"]
[WhiteElo "2139"]
[BlackElo "1976"]
[PlyCount "109"]
[EventDate "2010.12.27"]

1. e4 e6 2. d4 d5 3. Nc3 Bb4 4. e5 c5 5. Bd2 Nh6 6. Nb5 Bxd2+ 7. Qxd2 O-O 8.
dxc5 Nc6 9. Nf3 f6 10. exf6 Rxf6 11. c4 Qe7 12. Be2 dxc4 13. Qd6 Rf5 14. Qxe7
Nxe7 15. Rd1 Nf7 16. Nd6 Rxc5 17. Nxf7 Kxf7 18. Bxc4 Nc6 19. Bd3 h6 20. O-O e5
21. Be4 Bg4 22. Rc1 Rxc1 23. Rxc1 Bxf3 24. Bxf3 Rd8 25. Bxc6 bxc6 26. Kf1 Rc8
27. Ke2 Ke6 28. Ke3 Kd6 29. Rc4 Rf8 30. Rg4 g5 31. h4 gxh4 32. Rxh4 Rf6 33. Rg4
Kd5 34. Rg7 a6 35. Rd7+ Rd6 36. Rxd6+ Kxd6 37. Ke4 Ke6 38. b4 h5 39. f4 exf4
40. Kxf4 Kf6 41. a3 Kg6 42. a4 Kf6 43. a5 Kg6 44. Ke5 Kg5 45. Kd6 Kg4 46. Kxc6
Kg3 47. b5 axb5 48. Kxb5 Kxg2 49. a6 h4 50. a7 h3 51. a8=Q+ Kg1 52. Qg8+ Kh1
53. Qf7 Kg1 54. Qg6+ Kh1 55. Qf5 1-0

[Event "XXI Festival A"]
[Site "Robecchetto con Induno ITA"]
[Date "2010.12.28"]
[Round "3"]
[White "Andreoli, Mark"]
[Black "Attuati, Stefano"]
[Result "1-0"]
[WhiteElo "1995"]
[BlackElo "1987"]
[PlyCount "33"]
[EventDate "2010.12.27"]

1. e4 e6 2. d4 d5 3. e5 c5 4. Qg4 Qa5+ 5. Nd2 cxd4 6. Ngf3 Nc6 7. Bd3 Nge7 8.
O-O Ng6 9. Qg3 Qc7 10. Re1 Bc5 11. h4 Kf8 12. h5 Nge7 13. h6 g6 14. Nb3 Bb4 15.
Re2 f5 16. exf6 Qxg3 17. fxe7+ 1-0

[Event "XXI Festival A"]
[Site "Robecchetto con Induno ITA"]
[Date "2010.12.28"]
[Round "3"]
[White "Barlocco, Carlo"]
[Black "Cereda, Loris"]
[Result "0-1"]
[WhiteElo "2168"]
[BlackElo "2091"]
[PlyCount "70"]
[EventDate "2010.12.27"]

1. Nf3 d5 2. d4 Nf6 3. c4 e6 4. Bg5 Nbd7 5. cxd5 exd5 6. Nc3 Be7 7. e3 c6 8.
Bd3 O-O 9. Qc2 Re8 10. O-O Nf8 11. Bxf6 Bxf6 12. b4 Bg4 13. Nd2 Qd6 14. Rab1 g6
15. Nb3 b6 16. a3 Bd7 17. e4 Bxd4 18. Nxd4 dxe4 19. Bxe4 Qxd4 20. Rbd1 Qe5 21.
Rfe1 Rad8 22. Re3 Bf5 23. Rde1 Re6 24. h3 Rd4 25. g4 Bxe4 26. Nxe4 Qf4 27. Kg2
Qc7 28. Qc3 Qd8 29. Ng5 Qd5+ 30. Kg3 Rc4 31. Qb3 Rxe3+ 32. Qxe3 Kg7 33. Ne4 Ne6
34. h4 f5 35. Nc3 Rxg4+ 0-1

[Event "XXI Festival A"]
[Site "Robecchetto con Induno ITA"]
[Date "2010.12.28"]
[Round "3"]
[White "Berni, Fabrizio"]
[Black "Angelini, Marco"]
[Result "0-1"]
[WhiteElo "2170"]
[BlackElo "2189"]
[PlyCount "48"]
[EventDate "2010.12.27"]

1. e4 c5 2. Nc3 Nc6 3. Bb5 Nd4 4. Bc4 g6 5. Nf3 e6 6. Nxd4 cxd4 7. Nb5 Qb6 8.
c3 dxc3 9. dxc3 a6 10. Qa4 Qc6 11. Bd3 b6 12. Qd4 f6 13. e5 Bb7 14. exf6 Kf7
15. Na3 Bc5 16. Qc4 Bxf2+ 17. Kd1 Qxg2 18. Rf1 b5 19. Nxb5 axb5 20. Qxb5 Bc6
21. Qc4 Ra4 22. b4 Bf3+ 23. Kc2 Be3+ 24. Kb1 Bd5 0-1

[Event "XXI Festival A"]
[Site "Robecchetto con Induno ITA"]
[Date "2010.12.28"]
[Round "3"]
[White "Burlando, Alessandro"]
[Black "Ubezio, Marco"]
[Result "1/2-1/2"]
[WhiteElo "2132"]
[BlackElo "2139"]
[PlyCount "23"]
[EventDate "2010.12.27"]

1. d4 Nf6 2. c4 e6 3. Nf3 c5 4. d5 d6 5. Nc3 g6 6. e4 exd5 7. cxd5 a6 8. a4 Bg4
9. Be2 Bxf3 10. Bxf3 Nbd7 11. O-O Bg7 12. a5 1/2-1/2

[Event "XXI Festival A"]
[Site "Robecchetto con Induno ITA"]
[Date "2010.12.28"]
[Round "3"]
[White "Cornaggia, Ranieri"]
[Black "Temi, Walter"]
[Result "1/2-1/2"]
[WhiteElo "2055"]
[BlackElo "2100"]
[PlyCount "56"]
[EventDate "2010.12.27"]

1. e4 e6 2. Qe2 e5 3. g3 Nc6 4. Nf3 Bc5 5. Bg2 d6 6. d3 Nf6 7. Be3 Bg4 8. c3
O-O 9. Nbd2 Bxe3 10. fxe3 d5 11. exd5 Qxd5 12. e4 Qd7 13. Nf1 Rad8 14. Rd1 Qe6
15. Ne3 Bxf3 16. Bxf3 Ne7 17. O-O Rd6 18. Nc4 Rc6 19. Bg2 Rd8 20. a4 a6 21. Rd2
b5 22. axb5 axb5 23. Ne3 Rcd6 24. Rfd1 c5 25. Qf1 Qd7 26. Bf3 Qa7 27. Qf2 h6
28. Ng2 Qc7 1/2-1/2

[Event "XXI Festival A"]
[Site "Robecchetto con Induno ITA"]
[Date "2010.12.28"]
[Round "3"]
[White "Di Chiara, Mauro"]
[Black "Bemporad, Filippo"]
[Result "0-1"]
[WhiteElo "1945"]
[BlackElo "2068"]
[PlyCount "162"]
[EventDate "2010.12.27"]

1. d4 Nf6 2. Nf3 e6 3. c4 b6 4. g3 Bb7 5. Bg2 Be7 6. Nc3 d5 7. Ne5 O-O 8. O-O
c6 9. b3 Nbd7 10. Nxd7 Qxd7 11. Bb2 dxc4 12. bxc4 Rfd8 13. e3 c5 14. Ne2 Bxg2
15. Kxg2 cxd4 16. Nxd4 Qb7+ 17. Qf3 Qxf3+ 18. Kxf3 Rac8 19. Rac1 Nd7 20. Nb3
Rc7 21. Rfd1 Rdc8 22. Ke2 Kf8 23. e4 Bf6 24. Bxf6 Nxf6 25. e5 Ng4 26. f4 Rxc4
27. h3 Nh6 28. Rd8+ Rxd8 29. Rxc4 Ke7 30. Nd4 Rd7 31. Nb5 f6 32. exf6+ Kxf6 33.
g4 Nf7 34. Ra4 a5 35. Re4 Nd6 36. g5+ Ke7 37. Nxd6 Kxd6 38. a4 Rc7 39. Kd3 Rc1
40. Rd4+ Ke7 41. Re4 g6 42. Kd2 Rc5 43. Kd3 Kd6 44. Kd2 e5 45. fxe5+ Rxe5 46.
Rh4 Re7 47. Kd3 Kc6 48. Rc4+ Kb7 49. Rh4 Ka6 50. Kc4 Rc7+ 51. Kb3 b5 52. axb5+
Kxb5 53. Re4 Ra7 54. Re5+ Kc6 55. Ka4 Kd6 56. Re1 Re7 57. Rh1 Re5 58. h4 Ke6
59. Rf1 Re4+ 60. Kxa5 Rxh4 61. Rf6+ Ke7 62. Kb6 Rg4 63. Rc6 Rxg5 64. Rc7+ Kf6
65. Rxh7 Rd5 66. Kc6 Rd1 67. Kc5 g5 68. Kc4 Kf5 69. Rg7 g4 70. Kc3 Kf4 71. Kc2
Rd8 72. Rf7+ Ke3 73. Rg7 Kf3 74. Rf7+ Kg2 75. Rg7 Kf3 76. Rf7+ Kg2 77. Rg7 g3
78. Rg6 Kf2 79. Rf6+ Kg1 80. Rg6 g2 81. Rg7 Rf8 0-1

[Event "XXI Festival A"]
[Site "Robecchetto con Induno ITA"]
[Date "2010.12.28"]
[Round "3"]
[White "Formento, Paolo"]
[Black "Mazzariol, Oscar"]
[Result "1-0"]
[WhiteElo "1976"]
[BlackElo "2089"]
[PlyCount "91"]
[EventDate "2010.12.27"]

1. e4 Nc6 2. d4 e5 3. d5 Nce7 4. Bd3 Ng6 5. Be3 Nf6 6. h3 d6 7. Ne2 Be7 8. O-O
O-O 9. Ng3 Nd7 10. Qd2 Nc5 11. f3 Bh4 12. Kh2 Nf4 13. Ne2 Ncxd3 14. cxd3 Nxe2
15. Qxe2 f5 16. Nc3 f4 17. Bf2 c6 18. Bxh4 Qxh4 19. Qf2 Qh5 20. dxc6 bxc6 21.
Rh1 Be6 22. Kg1 Qf7 23. Kf1 a5 24. b3 Rfb8 25. Na4 c5 26. Qe2 Bd7 27. Nc3 a4
28. bxa4 Bxa4 29. Kf2 Bd7 30. Rhb1 Be6 31. a4 Bb3 32. Qb2 Rb4 33. a5 Be6 34.
Qa3 Qa7 35. Nb5 Qb7 36. Rxb4 cxb4 37. Qxb4 Bd7 38. Rb1 Qa6 39. Nc7 Qa7+ 40. Qb6
Qxb6+ 41. axb6 Rb8 42. b7 Bc6 43. Rb6 Bxb7 44. Nb5 Ra8 45. Rxb7 Ra2+ 46. Kg1
1-0

[Event "XXI Festival A"]
[Site "Robecchetto con Induno ITA"]
[Date "2010.12.28"]
[Round "3"]
[White "Giretti Kanev, Jasen"]
[Black "Guidi, Maurizio"]
[Result "1/2-1/2"]
[WhiteElo "2185"]
[BlackElo "2068"]
[PlyCount "117"]
[EventDate "2010.12.27"]

1. Nf3 g6 2. d4 Bg7 3. c3 d6 4. Bf4 Nd7 5. e3 b6 6. Bc4 e6 7. Qb3 Ne7 8. h4 h6
9. Nbd2 Bb7 10. O-O-O a6 11. e4 b5 12. Be2 Nb6 13. Qc2 Qd7 14. Nb3 Rb8 15. Nc5
Qc6 16. Nxb7 Qxb7 17. a3 Rc8 18. Rh3 d5 19. Nd2 c5 20. dxc5 Rxc5 21. Nb3 Rc8
22. Bd6 dxe4 23. Nc5 Qa7 24. Nxe4 O-O 25. h5 g5 26. f4 gxf4 27. Bxf4 f5 28. Nd6
Rcd8 29. Rg3 Kh7 30. Qd2 Nbd5 31. Rxg7+ Kxg7 32. Bxh6+ Kh7 33. Bxf8 Rxf8 34.
Qd4 Qxd4 35. Rxd4 e5 36. Rd2 Ne3 37. Bd3 e4 38. Nxe4 fxe4 39. Bxe4+ Kh6 40.
Rd6+ Kxh5 41. Bf3+ Kg5 42. Re6 N7f5 43. Rxa6 Rb8 44. Ra8 Rb6 45. Kb1 Kf4 46.
Ka2 Nc4 47. Kb3 Ne5 48. Kb4 Nd6 49. b3 Nb7 50. Bxb7 Nd3+ 51. Ka5 Rxb7 52. Rd8
Nc5 53. Rd5 Nxb3+ 54. Kb4 Na1 55. Rxb5 Nc2+ 56. Ka4 Rxb5 57. Kxb5 Nxa3+ 58. Kb4
Nc2+ 59. Kb3 1/2-1/2

[Event "XXI Festival A"]
[Site "Robecchetto con Induno ITA"]
[Date "2010.12.28"]
[Round "3"]
[White "Gonella, Daniele"]
[Black "Cardani, Roberto"]
[Result "1-0"]
[WhiteElo "2003"]
[BlackElo "1933"]
[PlyCount "71"]
[EventDate "2010.12.27"]

1. Nf3 Nf6 2. g3 d5 3. d4 Bf5 4. Bg2 c6 5. O-O Nbd7 6. Nbd2 h6 7. Re1 e6 8. c4
Be7 9. b3 O-O 10. Bb2 a5 11. Ne5 Bh7 12. Rc1 Qb6 13. Nxd7 Nxd7 14. e4 dxe4 15.
Nxe4 Nf6 16. d5 Nxe4 17. Bxe4 Bc5 18. Bxh7+ Kxh7 19. Qc2+ g6 20. d6 Bxd6 21. c5
Bxc5 22. Qxc5 Qxc5 23. Rxc5 Rfd8 24. Re2 a4 25. Bf6 Rd1+ 26. Kg2 axb3 27. axb3
Rb1 28. Rc3 Ra3 29. Ree3 g5 30. g4 Kg6 31. Rf3 Raa1 32. Rc5 Ra3 33. Bd4 Rd1 34.
Rf6+ Kg7 35. Be5 Rxb3 36. Rf3+ 1-0

[Event "XXI Festival A"]
[Site "Robecchetto con Induno ITA"]
[Date "2010.12.28"]
[Round "3"]
[White "Okhotnik, Vladimir"]
[Black "Sola, Giuseppe"]
[Result "1-0"]
[WhiteElo "2428"]
[BlackElo "2019"]
[PlyCount "67"]
[EventDate "2010.12.27"]

1. e4 e5 2. Nf3 Nf6 3. Nxe5 d6 4. Nf3 Nxe4 5. d3 Nf6 6. d4 d5 7. c4 Be7 8. Nc3
O-O 9. cxd5 Nxd5 10. Bd3 Nf6 11. h3 h6 12. O-O c6 13. Re1 Be6 14. Bc2 Nbd7 15.
Bf4 Nd5 16. Bg3 Re8 17. a3 N7f6 18. Qd3 Nxc3 19. bxc3 b5 20. Ne5 Rc8 21. Bh4 c5
22. Bxf6 Bxf6 23. Qh7+ Kf8 24. Rad1 Bxe5 25. Rxe5 Qf6 26. Rde1 g6 27. Qxh6+ Qg7
28. Qf4 Kg8 29. Bxg6 Bd7 30. Bxf7+ Qxf7 31. Rg5+ Kf8 32. Qd6+ Re7 33. Rxe7 Qxe7
34. Rg8+ 1-0

[Event "XXI Festival A"]
[Site "Robecchetto con Induno ITA"]
[Date "2010.12.28"]
[Round "3"]
[White "Rambaldi, Francesco"]
[Black "Aranovitch, Emiliano"]
[Result "1/2-1/2"]
[WhiteElo "2084"]
[BlackElo "2335"]
[PlyCount "61"]
[EventDate "2010.12.27"]

1. e4 c5 2. Nf3 d6 3. d4 cxd4 4. Nxd4 Nf6 5. Nc3 Nc6 6. Bg5 e6 7. Qd2 Be7 8.
O-O-O Nxd4 9. Qxd4 O-O 10. f4 Qa5 11. e5 dxe5 12. Qxe5 b5 13. Bxb5 Bb7 14. Be2
Qb6 15. Na4 Qc6 16. Bb5 Qc8 17. Nc3 h6 18. Bh4 Ng4 19. Qh5 Bxh4 20. Qxh4 Ne3
21. Rd2 Rd8 22. Qg3 Rxd2 23. Kxd2 Nxg2 24. Rg1 Qc7 25. Rxg2 Bxg2 26. Qxg2 Qxf4+
27. Kd1 Rd8+ 28. Bd3 e5 29. Nd5 Qh4 30. Ke2 Kh8 31. Ne3 1/2-1/2

[Event "XXI Festival A"]
[Site "Robecchetto con Induno ITA"]
[Date "2010.12.28"]
[Round "3"]
[White "Raselli, Claudio"]
[Black "Ranfagni, Stefano"]
[Result "1/2-1/2"]
[WhiteElo "1954"]
[BlackElo "2003"]
[PlyCount "64"]
[EventDate "2010.12.27"]

1. d4 e6 2. c4 f5 3. Nf3 Nf6 4. Bg5 Be7 5. e3 O-O 6. Nc3 c6 7. Bd3 d5 8. O-O
Ne4 9. Bxe7 Qxe7 10. Qc2 Nd7 11. cxd5 exd5 12. Nd2 Ndf6 13. Rae1 Nxd2 14. Qxd2
Ne4 15. Qc2 Bd7 16. f3 Nd6 17. e4 fxe4 18. fxe4 dxe4 19. Nxe4 Rxf1+ 20. Rxf1
Nf5 21. Qf2 Nh6 22. Nc5 Ng4 23. Bc4+ Kh8 24. Qf4 Nf6 25. Qe5 Re8 26. Qxe7 Rxe7
27. Nxb7 Re4 28. Nd6 Rxd4 29. Nf7+ Kg8 30. Ne5+ Kf8 31. Nxd7+ Rxd7 32. b3 Rd2
1/2-1/2

[Event "XXI Festival A"]
[Site "Robecchetto con Induno ITA"]
[Date "2010.12.28"]
[Round "3"]
[White "Siclari, Giovanni"]
[Black "Bianchi, Alberto"]
[Result "1-0"]
[WhiteElo "1926"]
[BlackElo "2049"]
[PlyCount "91"]
[EventDate "2010.12.27"]

1. f4 d5 2. Nf3 c6 3. g3 Bg4 4. Bg2 Bxf3 5. Bxf3 e6 6. d3 Qb6 7. c3 Nf6 8. Qb3
Nbd7 9. Qxb6 Nxb6 10. a4 a5 11. Be3 Nbd7 12. Nd2 Be7 13. Nb3 O-O 14. Bf2 e5 15.
e4 Rfe8 16. O-O-O Rec8 17. Rhe1 Bd6 18. d4 exd4 19. e5 dxc3 20. exd6 cxb2+ 21.
Kxb2 b5 22. Nc5 Nxc5 23. Bxc5 Nd7 24. Rc1 bxa4 25. Bg4 Rcb8+ 26. Ka2 Nf6 27.
Bf5 Rb7 28. Rb1 Rb5 29. Rxb5 cxb5 30. d7 g6 31. Be7 Nxd7 32. Bxd7 Rb8 33. Bf6
b4 34. Re8+ Rxe8 35. Bxe8 d4 36. Bxd4 Kf8 37. Bxa4 Ke7 38. Kb3 Ke6 39. Bb6 Kf5
40. Bxa5 Kg4 41. Be8 f6 42. Bd8 f5 43. h4 Kxg3 44. Bg5 Kg4 45. Bxg6 hxg6 46.
Kxb4 1-0

[Event "XXI Festival A"]
[Site "Robecchetto con Induno ITA"]
[Date "2010.12.29"]
[Round "4"]
[White "Angelini, Marco"]
[Black "Burlando, Alessandro"]
[Result "0-1"]
[WhiteElo "2189"]
[BlackElo "2132"]
[PlyCount "56"]
[EventDate "2010.12.27"]

1. e4 e6 2. d4 d5 3. Nc3 Bb4 4. e5 c5 5. a3 Bxc3+ 6. bxc3 Ne7 7. Qg4 cxd4 8.
Ne2 Qc7 9. Qxg7 Rg8 10. Qxh7 Nbc6 11. f4 Bd7 12. Qd3 dxc3 13. Nxc3 a6 14. h4
Nf5 15. Rh3 O-O-O 16. Rb1 Na5 17. h5 Nc4 18. Rb3 Bc6 19. Kf2 Qe7 20. Kg1 Qc5+
21. Kh1 Rg4 22. h6 Rh8 23. h7 Rg7 24. Kh2 Rgxh7 25. Nd1 Rxh3+ 26. gxh3 Rg8 27.
Bg2 Nh4 28. Ne3 Nxe3 0-1

[Event "XXI Festival A"]
[Site "Robecchetto con Induno ITA"]
[Date "2010.12.29"]
[Round "4"]
[White "Aranovitch, Emiliano"]
[Black "Formento, Paolo"]
[Result "1-0"]
[WhiteElo "2335"]
[BlackElo "1976"]
[PlyCount "127"]
[EventDate "2010.12.27"]

1. Nf3 Nf6 2. g3 g6 3. Bg2 Bg7 4. O-O O-O 5. d4 d5 6. c4 e6 7. Nc3 c6 8. Ne5
Nbd7 9. f4 Ne8 10. b3 Nxe5 11. fxe5 f6 12. exf6 Rxf6 13. Rxf6 Qxf6 14. e3 Nd6
15. Bb2 Bd7 16. Qe2 Qg5 17. Rd1 Nf5 18. Bc1 Qe7 19. Nb1 Rd8 20. Ba3 Qg5 21. Bc1
Qe7 22. Nd2 e5 23. dxe5 d4 24. Nf3 dxe3 25. Bxe3 Bxe5 26. Bxa7 Bb8 27. Qf2 Bxa7
28. Qxa7 Bc8 29. Rxd8+ Qxd8 30. Qf2 Qd1+ 31. Qe1 Ne3 32. Qxd1 Nxd1 33. Nd2 Kf7
34. Ne4 Ke7 35. Bf3 Ne3 36. Kf2 Nc2 37. Bd1 Nb4 38. a3 Na6 39. b4 b6 40. Ke3
Bf5 41. Nc3 Kd6 42. Be2 Nb8 43. Bd3 Bxd3 44. Kxd3 Ke5 45. Ne4 h6 46. Nd2 g5 47.
h3 h5 48. Nf3+ Kf5 49. Ke3 c5 50. Ne1 Nc6 51. Nd3 cxb4 52. axb4 Ke6 53. Ke4 Ne7
54. c5 bxc5 55. Nxc5+ Kd6 56. Nb3 Ke6 57. Nd4+ Kf6 58. b5 h4 59. g4 Kg6 60. Ke5
Nc8 61. Nf5 Nb6 62. Ke6 Nc4 63. Ne7+ Kg7 64. Nc8 1-0

[Event "XXI Festival A"]
[Site "Robecchetto con Induno ITA"]
[Date "2010.12.29"]
[Round "4"]
[White "Bemporad, Filippo"]
[Black "Barlocco, Carlo"]
[Result "1/2-1/2"]
[WhiteElo "2068"]
[BlackElo "2168"]
[PlyCount "107"]
[EventDate "2010.12.27"]

1. d4 d6 2. Nf3 Bg4 3. g3 Bxf3 4. exf3 e6 5. Bg2 Nf6 6. O-O d5 7. c4 c6 8. b3
Be7 9. Bb2 O-O 10. Nc3 Nbd7 11. Qd3 Qb8 12. Rfe1 Rd8 13. Rad1 Bb4 14. f4 a5 15.
f5 e5 16. cxd5 cxd5 17. a3 e4 18. Qd2 Bxc3 19. Bxc3 a4 20. bxa4 Rxa4 21. Bb4
Rc8 22. f3 exf3 23. Bxf3 Ra6 24. Rc1 Rac6 25. Rxc6 bxc6 26. g4 h6 27. Kg2 Re8
28. Qc2 Rxe1 29. Bxe1 Qa7 30. Qd3 c5 31. dxc5 Qxc5 32. Bf2 Qa5 33. Qb3 Ne4 34.
Qb4 Qa8 35. Bd4 Qc6 36. Bxe4 dxe4 37. Qc3 Qd5 38. Kg1 f6 39. a4 h5 40. h3 hxg4
41. hxg4 Ne5 42. Bxe5 fxe5 43. a5 Qd1+ 44. Kh2 Qxg4 45. Qxe5 Kh7 46. a6 Qe2+
47. Kg3 Qf3+ 48. Kh2 Qf2+ 49. Kh3 e3 50. a7 e2 51. a8=Q e1=Q 52. Qxe1 Qxe1 53.
Qf3 Qe5 54. Kg4 1/2-1/2

[Event "XXI Festival A"]
[Site "Robecchetto con Induno ITA"]
[Date "2010.12.29"]
[Round "4"]
[White "Bianchi, Alberto"]
[Black "Ranfagni, Stefano"]
[Result "1/2-1/2"]
[WhiteElo "2049"]
[BlackElo "2003"]
[PlyCount "114"]
[EventDate "2010.12.27"]

1. e4 e5 2. Nf3 Nf6 3. Nc3 Nc6 4. Bb5 Bb4 5. d3 d6 6. O-O Bg4 7. Bg5 Bxc3 8.
bxc3 h6 9. Be3 O-O 10. Qd2 Kh7 11. Ne1 Bd7 12. f3 a6 13. Bc4 d5 14. Bb3 Be6 15.
Rd1 Qe7 16. Qf2 Rfd8 17. Bd2 Rd7 18. g4 dxe4 19. g5 hxg5 20. Bxg5 Rh8 21. fxe4
Bh3 22. Ng2 Rd6 23. Qg3 Bxg2 24. Qxg2 Na5 25. Rf3 Nxb3 26. axb3 Kg8 27. Rdf1
Kf8 28. Qf2 Re6 29. Bxf6 gxf6 30. Rxf6 Rxf6 31. Qxf6 Qxf6 32. Rxf6 Ke7 33. Rf1
c5 34. Kg2 Rg8+ 35. Kf3 Rh8 36. Rh1 b5 37. h4 Kf6 38. Kg3 Rg8+ 39. Kh3 a5 40.
Ra1 Ra8 41. Kg4 Rg8+ 42. Kf3 Ra8 43. Ke3 Kg6 44. b4 cxb4 45. cxb4 a4 46. c4 a3
47. cxb5 Ra4 48. d4 Rxb4 49. dxe5 Rxb5 50. Rxa3 Rxe5 51. Kf4 f6 52. Ra1 Rb5 53.
Rg1+ Kh6 54. Rd1 Rh5 55. Kg4 Re5 56. Rd4 Kg6 57. Rb4 Rxe4+ 1/2-1/2

[Event "XXI Festival A"]
[Site "Robecchetto con Induno ITA"]
[Date "2010.12.29"]
[Round "4"]
[White "Cardani, Roberto"]
[Black "Andreoli, Mark"]
[Result "1-0"]
[WhiteElo "1933"]
[BlackElo "1995"]
[PlyCount "127"]
[EventDate "2010.12.27"]

1. e4 c5 2. Nf3 d6 3. d4 cxd4 4. Nxd4 Nf6 5. Nc3 g6 6. Be3 Bg7 7. f3 O-O 8. Qd2
Nc6 9. Bc4 Bd7 10. O-O-O Ne5 11. Bb3 Qa5 12. h4 Rfc8 13. Kb1 b5 14. Ncxb5 Qd8
15. h5 Nxh5 16. g4 Nf6 17. Nc3 Qa5 18. Nd5 Qxd2 19. Rxd2 Nxd5 20. exd5 a5 21.
a3 a4 22. Ba2 Nc4 23. Bxc4 Rxc4 24. c3 Rb8 25. Kc2 Rbc8 26. Ne2 f5 27. g5 f4
28. Bd4 Bf5+ 29. Kd1 Rb8 30. Bxg7 Kxg7 31. Rh4 Rf8 32. Nd4 Rc5 33. Re2 Rf7 34.
Ne6+ Bxe6 35. dxe6 Rff5 36. Re4 Rxg5 37. Rexf4 Rcd5+ 38. Kc2 Rg2+ 39. Kb1 Rf5
40. Rxf5 gxf5 41. Rxa4 Kf6 42. Rh4 Kxe6 43. a4 Kd5 44. b4 Kc6 45. Rxh7 e5 46.
c4 e4 47. fxe4 fxe4 48. Re7 Rg4 49. Kc2 Rg3 50. Rxe4 Ra3 51. a5 Kc7 52. Rd4 Kc6
53. Rd3 Ra1 54. Kc3 Ra3+ 55. Kd4 Ra1 56. b5+ Kc7 57. a6 Ra4 58. Kd5 Ra1 59. Re3
Rd1+ 60. Ke6 Rd4 61. Rc3 Kb6 62. Kd7 Rd1 63. Ra3 d5 64. c5+ 1-0